| 000 | 01359cam a22004334i 4500 | ||
|---|---|---|---|
| 003 | PE-LiUPU | ||
| 005 | 20250731172855.0 | ||
| 008 | 160822s r 000 0 spa d | ||
| 020 | _a8428825793 | ||
| 020 | _a9788428825795 | ||
| 035 | _a(Sirsi) a163081 | ||
| 040 | _aPRUA | ||
| 082 | 0 | 4 |
_a261.8 _bA45 |
| 100 | 1 |
_aÁlvarez, Francisco, _eautor. |
|
| 245 |
_aTeología de la Salud / _cFrancisco Álvarez. |
||
| 264 |
_aMadrid : _bPPC, _c2013. |
||
| 300 |
_a397 páginas ; _c22 centímetros. |
||
| 336 |
_text _2rdacontent |
||
| 337 |
_unmediated _2rdamedia |
||
| 338 |
_volume _2rdacarrier |
||
| 504 | _aBibliografía : páginas 381-390. | ||
| 505 | 0 | _aEl itinerario hacia la teología de la salud -- Enfoque antropológico, Arraigo antropológico de la salud -- La salud en la historia de la salvación -- Perspectivas teológicas. | |
| 526 | _aSEG42 | ||
| 526 | _aSEG41 | ||
| 526 | _aSEG40 | ||
| 526 | _aSEG39 | ||
| 526 | _aP94 | ||
| 526 | _aP87 | ||
| 526 | _aP86 | ||
| 526 | _aP85 | ||
| 526 | _aP77 | ||
| 526 | _aP76 | ||
| 526 | _aP35 | ||
| 910 | _chop | ||
| 596 | _a1 | ||
| 942 |
_2ddc _cBOOK |
||
| 999 |
_a261.8 A45 _wDEWEY _c11990 _i69519 _f2021-11-10 _g5 _lCCODEBUL1 _mBUL _r0 _sY _tBOOK _u2016-8-22 _xTEOLOGIA _PP35 _0COMPRA _o.STAFF. Colección General _d11990 |
||
| 980 |
_81 _gALBERTO SANCHEZ Responsable de Automatización |
||